Every Emoji from the "Food" section (according to Discord) - Statistics

General Stats
  • This quiz has been taken 30 times
  • The average score is 51 of 128
Answer Stats
Answer % Correct
cake
93%
apple
87%
carrot
87%
chocolate bar
87%
coffee/hot beverage
87%
onion
80%
peach
80%
pizza
80%
potato
80%
strawberry
80%
tangerine
80%
tomato
80%
banana
73%
beer
73%
blueberry
73%
bread
73%
cheese
73%
egg
73%
lemon
73%
milk
73%
pear
73%
rice
73%
salad/green salad
73%
sushi
73%
watermelon
73%
candy
67%
cucumber
67%
fries/french fries
67%
hamburger
67%
hot dog
67%
spaghetti
67%
tea
67%
bacon
60%
bell pepper
60%
butter
60%
cherries
60%
eggplant
60%
grapes
60%
ice cream
60%
kiwi
60%
mango
60%
pie
60%
pineapple
60%
popcorn
60%
salt
60%
sandwich
60%
avocado
53%
burrito
53%
coconut
53%
cookie
53%
corn
53%
lollipop
53%
melon
53%
olive
53%
taco
53%
bagel
47%
beans
47%
broccoli
47%
peanuts
47%
tumbler glass/whisky
47%
cocktail
40%
croissant
40%
cupcake
40%
garlic
40%
green apple
40%
pancakes
40%
pretzel
40%
sweet potato
40%
waffle
40%
beers
33%
birthday cake
33%
bubble tea
33%
custard/pudding/flan
33%
doughnut
33%
ramen
33%
stew
33%
chopsticks
27%
dumpling
27%
fortune cookie
27%
hot pepper
27%
jar
27%
spoon
27%
bone
20%
champagne
20%
chestnut
20%
curry/curry rice
20%
falafel
20%
fork and knife
20%
ice cube
20%
pea pod
20%
shaved ice
20%
baby bottle
13%
fondue
13%
ginger root
13%
leafy green
13%
moon cake
13%
teapot
13%
wine glass
13%
beverage box
7%
canned food
7%
champagne glass/clinking glass
7%
cooking
7%
fried shrimp
7%
honey pot
7%
oyster
7%
paella
7%
sake
7%
tamale
7%
baguette bread
0%
bento box
0%
bowl with spoon
0%
cup with straw
0%
cut of meat
0%
dango
0%
fish cake
0%
flatbread
0%
fork knife plate
0%
ice cream2
0%
mate
0%
meat on bone
0%
oden
0%
poultry leg
0%
pouring liquid
0%
rice ball
0%
rice cracker
0%
stuffed flatbread/stuffed pita
0%
takeout box
0%
tropical drink
0%
No matching quizzes found
Score Distribution
Percent of People with Each Score
Percentile by Number Answered
Your Score History
You have not taken this quiz